000 00943nam a22002057a 4500
003 JO-AjAnu
005 20240909140839.0
008 240909b jo ||||| |||| 00| 0 ara d
020 _a9789948746027
040 _aJO-AjAnu
_bara
_cJO-AjAnu
_erda
041 _aara
_hara
050 _a.K1001
_bM65 2024
100 1 _a المومني، بشار طلال
_947380
_eمؤلف
245 0 _aالبشر في شرح عقد البيع وفقاً لقانون المعاملات المدنية الاماراتي الاتحادي" مدعماً بأحدث التطبيقات القضائية" /
_cتأليف بشار طلال المومني
260 _aدبي، القاهرة:
_bدار النهضة العلمية للنشر والتوزيع،
_c2024
300 _a218 صفحة
504 _aيحتوي على مراجع، يحتوي على ملاحق
650 7 0 _aعقد البيع-القانون الاماراتي
_966201
942 _2lcc
_cBK
_n0
999 _c33683
_d33683